Principals of transportation engineering (Record no. 548108)

000 -LEADER
fixed length control field 00453nam a22001457a 4500
082 ## - DEWEY DECIMAL CLASSIFICATION NUMBER
Classification number 624.04
Author Mark CHA
-- L-40, P-66
100 ## - MAIN ENTRY--PERSONAL NAME
Personal name Chakroborty, Partha
9 (RLIN) 20982
245 ## - TITLE STATEMENT
Title Principals of transportation engineering
Statement of responsibility, etc. Chakroborty, Partha
260 ## - PUBLICATION, DISTRIBUTION, ETC.
Place of publication, distribution, etc. New Delhi
Name of publisher, distributor, etc. Prentice Hall of India
Date of publication, distribution, etc. 2003
300 ## - PHYSICAL DESCRIPTION
Extent xvi, P-520
Other physical details ill
526 ## - STUDY PROGRAM INFORMATION NOTE
Program name 0
Interest level 0
Reading level 0
Title point value 624_040000000000000_CHA
526 ## - STUDY PROGRAM INFORMATION NOTE
Program name 0
Interest level 0
Reading level 0
Title point value 624_040000000000000_CHA
650 ## - SUBJECT ADDED ENTRY--TOPICAL TERM
Topical term or geographic name entry element MCE
9 (RLIN) 379
942 ## - ADDED ENTRY ELEMENTS (KOHA)
Source of classification or shelving scheme
Koha item type Book
Holdings
Withdrawn status Lost status Source of classification or shelving scheme Damaged status Not for loan Permanent Location Current Location Date acquired Total Checkouts Full call number Barcode Date last seen Date last checked out Price effective from Koha item type
          Military College of Engineering (MCE) Military College of Engineering (MCE) 08/20/2014 2 624.04 CHA MCE-35182 11/16/2015 11/10/2015 08/20/2014 Book
          Military College of Engineering (MCE) Military College of Engineering (MCE) 08/20/2014   624.04 CHA MCE-35181 08/20/2014   08/20/2014 Book
© 2023 Central Library, National University of Sciences and Technology. All Rights Reserved.